| 000 | 00390 a2200157 4500 | ||
|---|---|---|---|
| 003 | Nust | ||
| 005 | 20251009175006.0 | ||
| 020 | _a0710613687 | ||
| 040 | _cNust | ||
| 082 | _a358.24,JAN | ||
| 245 |
_aJanes C4 I Systems 1996-97 / _cEdited by peter Rackham |
||
| 260 |
_aU.K _bJane's Information Group _c1996 |
||
| 300 | _a382 | ||
| 650 |
_acommunication System _9114513 |
||
| 942 |
_2ddc _cBK |
||
| 999 |
_c187893 _d187893 |
||